|
|
|
|
| LEADER |
00000nab a2200000ua 4500 |
| 001 |
vtls010852114 |
| 003 |
SK-MaSNL |
| 005 |
20260303220649.0 |
| 008 |
230218s2012 xo |||||||||||||||||eng| |
| 035 |
|
|
|a (urnnbn)urn:nbn:sk:snk:ar-a07ckg
|
| 035 |
|
|
|a urn:nbn:sk:snk-ab6c72
|
| 035 |
|
|
|a (uuid)2c87c72a-dc64-4817-b6ea-060603e357e8
|
| 040 |
|
|
|a SNKBUCL
|b slo
|c SNKBUCL
|e AACR2
|
| 041 |
0 |
|
|a eng
|
| 044 |
|
|
|a xo
|c SK
|
| 100 |
1 |
|
|a Holásek, Peter,
|d 1953-
|4 aut
|9 79950
|
| 245 |
1 |
4 |
|a The beginnings of Slovak foreign policy
|c Peter Holásek
|
| 773 |
0 |
|
|t International issues & Slovak foreign policy affairs
|g Roč. 21, č. 3-4 (2012), s. 10-24
|
| 958 |
|
|
|a OND
|
| 958 |
|
|
|a EUIPO
|
| 958 |
|
|
|a article5
|
| 999 |
|
|
|c 2228387
|d 2230317
|